banner-ar

المحاريب فى عمائر بخارى : (Record no. 67585)

MARC details
000 -الفاتح
حقل البيانات ثابتة الطول 00960nam a2200241Ia 4500
005 - وقت وتاريخ اخر تعامل مع التسجيلة
رقم الضبط 20250622124032.0
008 - عناصر البيانات ثابتة الطول - معلومات عامة
حقل البيانات ثابتة الطول 250617s9999||||xx |||||||||||||| ||ara||
017 ## - رقم الايداع القانونى
رقم الايداع القانونى 2024/31824
المصدر ( الهيئة المختصة) مصر. دار الكتب
020 ## - الرقم الدولى المعيارى للكتب
الرقم الدولى المعيارى للكتاب 9789778685770
082 04 - رقم تصنيف ديوى العشرى
رقم التصنيف "721,48"
رقم المادة ن م
100 0# - المدخل الرئيسى - إسم شخصى
الإسم الشخصى نهى جميل محمد غالى
245 10 - بيان العنوان
العنوان المحاريب فى عمائر بخارى :
بقية العنوان منذ بداية العصر التيمورى حتى نهاية عصر المنغيت /
بيان المسئوليه,etc إعداد نهى جميل محمد غالى
250 ## - بيان الطبعة
بيان الطبعة ط1
260 3# - PUBLICATION, DISTRIBUTION, ETC. (IMPRINT)
تاريخ النشر أو التوزيع 2025.
300 ## - الوصف المادى
التعداد 462ص :
تفاصيل ماديه اخرى للوعاء لوحات ؛
أبعاد الوعاء 25سم.
650 ## - المدخل الاضافى بالموضوع-مصطلح موضوعى
مصطلح موضوعي الآثار الإسلامية
650 ## - المدخل الاضافى بالموضوع-مصطلح موضوعى
مصطلح موضوعي العمارة الإسلامية
650 ## - المدخل الاضافى بالموضوع-مصطلح موضوعى
مصطلح موضوعي الفن الإسلامى
650 ## - المدخل الاضافى بالموضوع-مصطلح موضوعى
مصطلح موضوعي القصور الإسلامية
650 ## - المدخل الاضافى بالموضوع-مصطلح موضوعى
مصطلح موضوعي المحاريب
التقسيم الفرعي العام عمارة
942 ## - عناصر المدخل الإضافي( كوها)
Koha [default] item type كتاب
260 3# - PUBLICATION, DISTRIBUTION, ETC. (IMPRINT)
-- القاهرة :
-- "حسن أبو شادى للأبحاث والنشر،"
Holdings
حالة التراجع حالة الفقد حالة تلف ليس للاعارة المكان المؤقت الموقع الحالى موقع الترفيف تاريخ الاكتساب اجمالي اﻻعارات تاريخ اخر مشاهدة تاريخ تفعيل السعر نوع وعاء كوها
        مكتبة القاهرة الكبرى مكتبة القاهرة الكبرى قاعة الفنون_ك عربى 06/22/2025   06/22/2025 06/22/2025 كتاب

Powered By

EGPV